01361nam a2200181Ia 4500001001300000003001000013008004100023040002500064041000700089100001900096245007400115250001100189260004400200300001100244500085500255650004101110700002801151b5636-37843 IT-MiCISF161014s9999||||xx |||||||||||||| ||und|| aIT-MiCISFcIT-MiCISF ait aFerrari Silvio 0aI matrimoni islamo-cattolici in ItaliabAspetti giuridici e pastorali a1a ed. aCinisello Balsamo (MI)bSan Paoloc2003 app. 64 a / matrimonio-misto, matrimonio-canonico, matrimonio-civile, pastorale-familiare / Il fenomeno dell'immigrazione da paesi extracomunitari verso l'Italia ha generato situazioni complesse e problematiche, che sollecitano su più fronti la società e la Chiesa. Una di queste è la realtà dei matrimoni misti interreligiosi, in particolare quelli tra uomini di religione islamica e donne di religione cattolica. Si tratta di un fenomeno numericamente non molto esteso, ma in via di espansione e già carico di interrogativi e difficoltà che esigono un'azione pastorale dedicata. Questo agile volumetto, fruto di un seminario organizzato dal Cisf, vuole fornire un piccolo contributo a quanti intendono conoscere meglio questa nuova realtà e agli operatori pastorali che hanno avviato itinerari di accompagnamento ai matrimoni islamo-cattolici. a Temi di pastorale / matrimonioe012 aPerotti Barra Giancarla